Ultimate Brainrot Test - Statistics

General Stats
  • This quiz has been taken 11,564 times
  • The average score is 26 of 46
Answer Stats
Hint Answer % Correct
Skill in getting women Rizz
97%
Singing head in toilet Skibidi Toilet
94%
Good mouth posture Mewing
87%
One who is better than all, also: "what the ____" Sigma
86%
McDonald's purple drink Grimace Shake
84%
Lone wolf Alpha
83%
Craziest state in America Ohio
79%
Streamer who likes Ronaldo and plays talking ben IShowSpeed
77%
Stopping before the finish line Edging
76%
Generation that comes after Millenials that use Tik Tok the most Gen Z
75%
Energy drink created by Logan Paul and KSI Prime
75%
Worse than the above answer Beta
74%
Black Twitch streamer, collabed with Nicki Minaj Kai Cenat
74%
Person who talks a lot Yapper
73%
Someone with large rear Gyatt
72%
Improving your appearance Looksmaxxing
71%
Best game ever Fortnite
70%
Generation that comes after the above full of ipad kids Gen Alpha
68%
Murder mystery game popular in 2020 Amongus
65%
20% of your food Fanum Tax
65%
Largest human Caseoh
63%
Person who doesn't have soul or emotion, acts like a robot NPC
61%
Streamer Who plays the above game Ninja
60%
Messaging and voice chat platform full of basement dwellers Discord
59%
Rizzed up the above Baby Gronk
58%
His haircut Low Taper Fade
57%
Event with cringey teenagers dancing Tik Tok Rizz Party
57%
American gymnast Livvy Dunne
56%
Pig that wont stop calling John Pork
55%
His nickname after an embarrassing event on stream IShowMeat
51%
Kanye West song they were dancing to at the event CARNIVAL
48%
Enemy of first answer in the quiz Cameramen
46%
Failing to edge Gooning
45%
Main person in the group Group Leader / Blue Tie Kid
42%
Friends with the above and says "what's up brother" Sketch
40%
Extending your wood Jelqing
36%
The above's rival Turkish Quandale Dingle
35%
Streamer who plays siege Jynxzi
33%
Rapper in that song who says "FWÆH" and "Homixide" Playboi Carti
33%
Gym Influencer with large muscles Sam Sulek
31%
Actor that sings 'Whistle' by Flo Rida Josh Hutcherson
29%
Date where Tik Tok slideshows contained adult content December 22nd
26%
Imageboard website also full of basement dwellers 4Chan
25%
YouTuber who plays 2k Duke Dennis
18%
AI generated bird that is the chill plug Luh Calm Fit
11%
Singing Chicken nugget Gegagedigedagedago
8%
No matching quizzes found
Score Distribution
Percent of People with Each Score
Percentile by Number Answered
Your Score History
You have not taken this quiz